000 00729nam a2200241Ia 4500
003 GCL
008 140319s9999 xx 000 0 ara d
040 _aGCL /
_cGCL
082 0 4 _a152
_bف ع
100 1 _aميشال ابى فاضل
245 1 0 _aعلم النفس التجريبى /
_cميشال ابى فاضل
700 1 _aموريس شربل(مترجم)
700 1 _aفريس، بول
260 _a[S.N] :
_bمنشورات عويدان ،
_c1983
300 _a205 ص
490 _a
650 0 4 _aعلم النفس التطبيقى
650 0 4 _aالادراك
650 0 4 _aعلم النفس التجريبى
650 0 4 _aالانتباه
650 0 4 _aعلم النفس الوظيفى
942 _2ddc
_cBK
999 _c35935
_d35935